00392nam a22001457a 450000500170000002000230001703500130004003700130005310000260006624500450009226000440013730000230018194200250020499900170022920120210115435.0 a8120315928c175.00 aB-999104 aDPLbENG aWaingrow, Kirk941482 aUnix Hints and Hacks /cby Kirk Waingrow aNew DelhibPrentice-Hall of Indiac1999 axi, 479p.c20 cms. 2ddccENh005.43mWAI c62482d62482